00514 2200193 4500001002100000005001500021035002000036007000300056008004100059020001800100082001000118084001600128100001600144245005900160250001000219260004300229300004000272990000800312INLIS00000000000074220260414022528 a0010-0426000001ta260414 0 ind  a9786232601871 a297.2 a297.2 ABD t0 aAbd. Rahman1 aTri Pusat Pendidikan Perspektif Tasawuf /cAbd. Rahman aCet.1 aPare - Pare :bKaaffah Learning,c2022 a240 hlm :b14 x 21 cm ;c14 x 21 cm a343